| 000 | 00594nam a2200277Ia 4500 | ||
|---|---|---|---|
| 005 | 20260401122439.0 | ||
| 008 | 008 250103s9999 xx 000 0 eng d | ||
| 020 | _a9788125041474 | ||
| 037 | _aTB | ||
| 040 | _aEDL | ||
| 040 | _beng | ||
| 040 | _cEDL | ||
| 041 | _2eng | ||
| 041 | _aeng | ||
| 084 | _a418.02KUH | ||
| 084 | _qEDL | ||
| 245 | 2 | _aA Companion to translation studies | |
| 260 | _aNew Delhi | ||
| 260 | _bOrient Blackswans | ||
| 260 | _c2011 | ||
| 300 | _a181p | ||
| 942 | _cTB | ||
| 942 | _h418.02KUH | ||
| 999 |
_c1847343 _d1847343 |
||